Detalles MARC
| 000 -CABECERA |
| Longitud fija campo de control |
02994aam a2200409 i 4500 |
| 003 - IDENTIFICADOR DEL NUMERO DE CONTROL |
| Identificador del número de control |
CO-BoRNBP |
| 005 - FECHA Y HORA DE LA ULTIMA TRANSACCION |
| Fecha y hora de la última transacción |
20241021151453.0 |
| 007 - CAMPO FIJO DE DESCRIPCION FISICA |
| Campo fijo de descripción física |
ta |
| 008 - CODIGOS DE INFORMACION DE LONGITUD FIJA |
| Códigos de información de longitud fija |
230427s2015 ck abo grb 000 0 spa d |
| 020 ## - NUMERO INTERNACIONAL NORMALIZADO PARA LIBROS |
| Número Internacional Normalizado para Libros (ISBN) |
9789589916971 |
| 040 ## - FUENTE DE LA CATALOGACION |
| Centro catalogador de origen |
CO-BoUNC |
| Lengua de catalogación |
spa |
| Normas de descripción |
rda |
| Centro transcriptor |
CO-BoUNC |
| 043 ## - CODIGO DE AREA GEOGRAFICA |
| Código de área geográfica |
s-ck--- |
| 082 04 - NUMERO DE LA CLASIFICACION DECIMAL DEWEY |
| Número de clasificación (R) |
333.72 |
| Número del ítem |
R49 |
| Número de edición |
23 |
| 100 1# - PUNTO DE ACCESO PRINCIPAL-NOMBRE DE PERSONA |
| Nombre de persona |
Rivera Ospina, David |
| Término indicativo de función |
autor |
| 245 10 - TITULO PROPIAMENTE DICHO |
| Título |
Colombia, naturaleza en riesgo / |
| Mención de responsabilidad, etc. |
textos David Rivera Ospina, Luz Ángela Silva Álvarez ; fotografía Angélica Montes Arango. |
| 250 ## - MENCION DE EDICION |
| Mención de edición |
Primera edición |
| 264 #1 - PRODUCCION, PUBLICACION , DISTRIBUCION, FABRICACION Y COPYRIGHT |
| Lugar de producción, publicación, distribución, fabricación |
Cali, Colombia : |
| Nombre del productor, editor, distribuidor, fabricante |
Banco de Occidente, |
| Fecha de de producción, publicación, distribución, fabricación o copyright |
2015. |
| 300 ## - DESCRIPCION FISICA |
| Extensión |
207 páginas : |
| Otras características físicas |
ilustraciones, mapas, fotografías ; |
| Dimensiones |
34 cm. |
| 336 ## - TIPO DE CONTENIDO |
| Término de tipo de contenido |
texto |
| Código de tipo de contenido |
txt |
| Fuente |
rdacontent |
| 337 ## - TIPO DE MEDIO |
| Nombre del tipo de medio |
sin mediación |
| Código del tipo de medio |
n |
| Fuente |
rdamedia |
| 338 ## - TIPO DE SOPORTE |
| Nombre del tipo de soporte |
volumen |
| Código del tipo de soporte |
nc |
| Fuente |
rdacarrier |
| 500 ## - NOTA GENERAL |
| Nota general |
Incluye glosario |
| 504 ## - NOTA DE BIBLIOGRAFIA, ETC |
| Nota de bibliografía, etc. |
Incluye referencias bibliográficas (páginas 205-207) |
| 505 0# - NOTA DE CONTENIDO CON FORMATO |
| Nota de contenido con formato |
Presentación -- Introducción -- La extinción, una amenaza global -- Extinción en los ecosistemas terrestres de Colombia -- Extinción en los ecosistemas de agua dulce de Colombia -- Extinción en los ecosistemas marinos y costeros de Colombia -- Causas de la extinción en Colombia |
| 520 3# - NOTA DE RESUMEN |
| Resumen, etc, |
En la conmemoración de sus cincuenta años, el Banco de Occidente publica Colombia, naturaleza en riesgo, obra que tiene como hilo conductor el principal problema que afronta la humanidad en estos momentos: la extinción masiva de ambientes y de especies de flora y fauna. Después de hacer un recuento de las cinco extinciones ocurridas en el planeta, el libro muestra cómo nos estamos aproximando a la sexta, que esta vez es producida por el hombre. Para comprender el daño que estamos causando, debemos conocer lo que tenemos. Es por esto que la obra hace un recorrido por los ecosistemas terrestres y acuáticos de Colombia, muestra sus principales características y su funcionamiento, para luego indicar cuáles son las especies de fauna y flora que están en peligro y cuáles las actividades que, de una u otra manera y a diferentes niveles, están degradando los ambientes naturales. Finalmente plantea la necesidad de que todos contribuyamos a recuperarlos, asumamos nuestra responsabilidad frente a su situación actual y adoptemos acciones que tiendan a aminorar el riesgo, puesto que de no hacerlo, se va a afectar la sostenibilidad de nuestro país -- |
| 650 17 - PUNTO DE ACCESO ADICIONAL DE MATERIA - TERMINO DE MATERIA |
| Término de materia o nombre geográfico como elemento inicial |
Conservación de la naturaleza |
| Fuente del encabezamiento |
LEMB |
| 650 17 - PUNTO DE ACCESO ADICIONAL DE MATERIA - TERMINO DE MATERIA |
| Término de materia o nombre geográfico como elemento inicial |
Epecies amenazadas |
| Fuente del encabezamiento |
LEMB |
| 650 17 - PUNTO DE ACCESO ADICIONAL DE MATERIA - TERMINO DE MATERIA |
| Término de materia o nombre geográfico como elemento inicial |
Conservación de especies |
| Fuente del encabezamiento |
LEMB |
| 650 17 - PUNTO DE ACCESO ADICIONAL DE MATERIA - TERMINO DE MATERIA |
| Término de materia o nombre geográfico como elemento inicial |
Ecosistemas vulnerables |
| Fuente del encabezamiento |
LEMB |
| 650 17 - PUNTO DE ACCESO ADICIONAL DE MATERIA - TERMINO DE MATERIA |
| Término de materia o nombre geográfico como elemento inicial |
Ecosistemas terrestres |
| Subdivisión geográfica |
Colombia |
| Fuente del encabezamiento |
ARMARC |
| 650 17 - PUNTO DE ACCESO ADICIONAL DE MATERIA - TERMINO DE MATERIA |
| Término de materia o nombre geográfico como elemento inicial |
Ecosistemas acuáticos |
| Subdivisión geográfica |
Colombia |
| Fuente del encabezamiento |
ARMARC |
| 650 17 - PUNTO DE ACCESO ADICIONAL DE MATERIA - TERMINO DE MATERIA |
| Término de materia o nombre geográfico como elemento inicial |
Ecosistemas marinos |
| Subdivisión geográfica |
Colombia |
| Fuente del encabezamiento |
ARMARC |
| 650 17 - PUNTO DE ACCESO ADICIONAL DE MATERIA - TERMINO DE MATERIA |
| Término de materia o nombre geográfico como elemento inicial |
Ecosistemas costeros |
| Subdivisión geográfica |
Colombia |
| Fuente del encabezamiento |
ARMARC |
| 700 1# - PUNTO DE ACCESO ADICIONAL - NOMBRE DE PERSONA |
| Nombre de persona |
Silva Álvarez, Luz Ángela |
| Término indicativo de función |
autor |
| 700 1# - PUNTO DE ACCESO ADICIONAL - NOMBRE DE PERSONA |
| Nombre de persona |
Montes Arango, Angélica |
| Término indicativo de función |
fotógrafo |
| 942 ## - ENTRADA DE ELEMENTOS AGREGADOS (KOHA) |
| Fuente de clasificaión o esquema |
Dewey Decimal Classification |
| Koha [por defecto] tipo de item |
LIbro |